| 000 | 00416nam a22001457a 4500 | ||
|---|---|---|---|
| 082 |
_a621.56 _bTAH _cL-25, P-4 |
||
| 100 |
_aMuhammad Younis Tahir _941899 |
||
| 245 | _aModern refrigeration wa air conditioning | ||
| 260 |
_aLahore _bTahir publishers. |
||
| 300 |
_a391 p. _bill. |
||
| 526 |
_a0 _b0 _c0 _d621_560000000000000_TAH |
||
| 526 |
_a0 _b0 _c0 _d621_560000000000000_TAH |
||
| 650 |
_aMCE _9379 |
||
| 942 |
_2ddc _cBK |
||
| 999 |
_c545921 _d545921 |
||